000 01129cam a2200169 4500500
005 20260405064656.0
041 _afre
042 _adc
100 1 0 _aDanaila, Ionut
_eauthor
700 1 0 _aJoly, Pascal
_eauthor
700 1 0 _aKaber, Sidi Mahmoud
_eauthor
700 1 0 _aPostel, Marie
_eauthor
245 0 0 _aIntroduction au calcul scientifique par la pratique : 12 projets résolus avec Matlab
260 _bDunod,
_c2005.
520 _aL'ouvrage est consacré à l'étude de quelques problèmes issus de la physique, de la mécanique, de la chimie, du traitement de l'image, etc. À chaque fois, la méthode appliquée est la même : modélisation mathématique du problème, outils et techniques d'analyse numérique nécessaires à la résolution (avec rappels de cours et exercices intermédiaires), algorithmes de calcul, programmation des algorithmes et mise en œuvre dans l'environnement MATLAB. Certains programmes sont téléchargeables directement à partir du site web dunod.com.
856 4 1 _uhttps://stm.cairn.info/introduction-au-calcul-scientifique--9782100487097?lang=fr&redirect-ssocas=7080
999 _c2189966
_d2189966